[Event "Wch U14"]
[Site "Montesilvano"]
[Date "2023.11.23"]
[Round "10"]
[White "Asikainen, Eeli"]
[Black "Dinh, Nho Kiet"]
[Result "0-1"]
[WhiteElo "2081"]
[BlackElo "2253"]
[PlyCount "58"]
[EventDate "2023.11.13"]
[EventType "swiss"]
[EventRounds "11"]
[EventCountry "ITA"]
[SourceTitle "CB48_2023"]
[SourceDate "2023.11.29"]
[SourceVersion "1"]
[SourceVersionDate "2023.11.29"]
[SourceQuality "1"]

1. e4 c6 2. d4 d5 3. e5 Bf5 4. h4 h5 5. Bd3 Bxd3 6. Qxd3 Qa5+ 7. Nd2 e6 8. Ngf3 Nh6 9. 0-0 Nf5 10. Nb3 Qa6 11. Qd1 Be7 12. g3 Nd7 13. Bg5 Bxg5 14. Nxg5 Rc8 15. c3 c5 16. Re1 b6 17. Qf3 Qa4 18. Kg2 Nf8 19. Kh2 Ng6 20. Re2 Rc7 21. dxc5 bxc5 22. Rc1 Ngxh4 23. gxh4 Qxh4+ 24. Nh3 g5 25. c4 g4 26. Qd3 Rg8 27. Rg1 dxc4 28. Qc3 cxb3 29. axb3 Rg6 0-1

[Event "Nordic-ch U11"]
[Site "Torshavn"]
[Date "2021.09.12"]
[Round "6"]
[White "Myagmarsuren, Evsuld"]
[Black "Asikainen, Eeli"]
[Result "0-1"]
[WhiteElo "1678"]
[BlackElo "1721"]
[PlyCount "68"]
[EventDate "2021.09.10"]
[EventType "swiss"]
[EventRounds "6"]
[EventCountry "FAI"]
[SourceTitle "EXT 2023"]
[Source "ChessBase"]
[SourceDate "2022.10.05"]
[SourceVersion "1"]
[SourceVersionDate "2022.10.05"]
[SourceQuality "1"]

1. e4 e5 2. Nf3 Nc6 3. Bc4 Bc5 4. c3 Nf6 5. d3 a6 6. a4 h6 7. 0-0 d6 8. h3 0-0 9. Re1 Ne7 10. d4 exd4 11. cxd4 Bb4 12. Bd2 Bxd2 13. Nbxd2 d5 14. e5 Nh5 15. Bd3 Nf4 16. Bc2 f6 17. Nf1 fxe5 18. Rxe5 Bf5 19. Ne3 Bxc2 20. Qxc2 Qd7 21. Nh4 Nc6 22. Rf5 Nxd4 23. Rxf8+ Rxf8 24. Qd1 Nfe2+ 25. Kf1 Qf7 26. Nhf5 Nxf5 27. Nxf5 Nf4 28. Ne3 Nxg2 29. Kxg2 Qxf2+ 30. Kh1 Qxe3 31. Qxd5+ Kh7 32. Qg2 Rf3 33. Qc2+ Kh8 34. Qc3 Rxh3+ 0-1

[Event "Nordic-ch U11"]
[Site "Torshavn"]
[Date "2021.09.10"]
[Round "1"]
[White "Omarsson, Josef"]
[Black "Asikainen, Eeli"]
[Result "0-1"]
[WhiteElo "1218"]
[BlackElo "1721"]
[PlyCount "106"]
[EventDate "2021.09.10"]
[EventType "swiss"]
[EventRounds "6"]
[EventCountry "FAI"]
[SourceTitle "EXT 2023"]
[Source "ChessBase"]
[SourceDate "2022.10.05"]
[SourceVersion "1"]
[SourceVersionDate "2022.10.05"]
[SourceQuality "1"]

1. d4 d5 2. Bf4 e6 3. e3 Bd6 4. Bg3 Nf6 5. Nf3 0-0 6. Bd3 b6 7. c3 Ba6 8. Bc2 c5 9. Nbd2 Nc6 10. Ne5 Qc7 11. Ndf3 Rac8 12. a3 h6 13. h4 Nd7 14. Nxd7 Qxd7 15. Bxd6 Qxd6 16. g4 e5 17. dxe5 Nxe5 18. Nxe5 Qxe5 19. g5 d4 20. Bd3 c4 21. Qa4 Bb5 22. cxd4 Bxa4 23. dxe5 cxd3 24. Kd2 Rc2+ 25. Kxd3 Rd8+ 26. Ke4 Bc6+ 27. Kf4 Bxh1 28. Rxh1 Rxf2+ 29. Ke4 Rxb2 30. Rg1 hxg5 31. hxg5 Rdd2 32. Rc1 Rbc2 33. Rg1 Rc4+ 34. Kf3 Rd3 35. g6 Rcc3 36. gxf7+ Kxf7 37. Re1 Ke6 38. Ke4 Rxe3+ 39. Rxe3 Rxe3+ 40. Kxe3 Kxe5 41. Kf3 b5 42. Ke3 a5 43. Kd3 g5 44. Kc3 g4 45. Kb3 g3 46. a4 bxa4+ 47. Kxa4 g2 48. Kxa5 g1Q 49. Ka4 Qb1 50. Ka3 Kd5 51. Ka4 Kc5 52. Ka3 Kc4 53. Ka4 Qa2# 0-1

[Event "FIN-chT 2022"]
[Site "Finland"]
[Date "2020.09.12"]
[Round "1.8"]
[White "Asikainen, Eeli"]
[Black "Rantanen, Riku"]
[Result "0-1"]
[WhiteElo "1773"]
[BlackElo "2077"]
[PlyCount "196"]
[EventDate "2020.09.12"]
[EventType "team-tourn"]
[EventRounds "11"]
[EventCountry "FIN"]
[SourceTitle "EXT 2023"]
[Source "ChessBase"]
[SourceDate "2022.10.05"]
[SourceVersion "1"]
[SourceVersionDate "2022.10.05"]
[SourceQuality "1"]
[WhiteTeam "Turku TuTS"]
[BlackTeam "Sastamala VammSK II"]
[WhiteTeamCountry "FIN"]
[BlackTeamCountry "FIN"]

1. e4 d6 2. d4 Nf6 3. Nc3 e5 4. Nge2 exd4 5. Nxd4 Be7 6. Be2 0-0 7. 0-0 Re8 8. f4 Bf8 9. Bf3 c6 10. a4 a5 11. Re1 Qc7 12. Kh1 Na6 13. Be3 Nc5 14. Bf2 h6 15. Bg3 Qb6 16. e5 dxe5 17. fxe5 Nh7 18. Rb1 Bd7 19. Bg4 Rad8 20. Bxd7 Rxd7 21. Qg4 Qb4 22. Bf2 Red8 23. Rbd1 Ne6 24. Nce2 Nxd4 25. Rxd4 Rxd4 26. Nxd4 c5 27. c3 Qxb2 28. Ne2 Qa2 29. Bh4 Rd2 30. Qe4 Qd5 31. Qxd5 Rxd5 32. Nf4 Rd7 33. Bg3 Ng5 34. h4 Ne6 35. Nxe6 fxe6 36. Kg1 Rd3 37. Bf2 Rxc3 38. Rb1 Ra3 39. Rxb7 Rxa4 40. Rb8 Rc4 41. Ra8 a4 42. h5 Rc1+ 43. Kh2 Rc4 44. Kg1 Kf7 45. Ra7+ Ke8 46. Ra8+ Kf7 47. Ra7+ Be7 48. Kf1 Ke8 49. Ra8+ Kd7 50. Ra7+ Ke8 51. Ra8+ Bd8 52. Be1 Kd7 53. Ra7+ Kc6 54. Ra6+ Kb5 55. Rxe6 a3 56. Rd6 Rd4 57. Bc3 Rf4+ 58. Ke2 Bc7 59. Rd7 Bxe5 60. Bxe5 Re4+ 61. Kd2 Rxe5 62. Rxg7 Rxh5 63. Kc3 Rg5 64. Rb7+ Kc6 65. Ra7 Rxg2 66. Ra6+ Kb5 67. Rxh6 Rg3+ 68. Kc2 Kb4 69. Rb6+ Kc4 70. Ra6 Rg2+ 71. Kb1 Kb3 72. Rb6+ Kc3 73. Rf6 c4 74. Rf3+ Kb4 75. Rf8 Kb3 76. Rb8+ Kc3 77. Rh8 Rb2+ 78. Ka1 Rd2 79. Kb1 Rd3 80. Rh7 Re3 81. Rh8 Kd2 82. Rh2+ Re2 83. Rh8 Kd3 84. Rd8+ Kc3 85. Rh8 Rd2 86. Rh7 Rd3 87. Rh8 Kb3 88. Rb8+ Kc3 89. Rh8 Rd1+ 90. Ka2 Kc2 91. Rh4 c3 92. Rh8 Kc1 93. Rh3 Kc2 94. Rh7 Rd2 95. Rh6 Kd1+ 96. Ka1 c2 97. Rc6 Rd3 98. Ka2 c1Q 0-1

[Event "EU-ch U10"]
[Site "Bratislava"]
[Date "2019.08.09"]
[Round "8"]
[White "Asikainen, Eeli"]
[Black "Zverev, Lev"]
[Result "0-1"]
[WhiteElo "1542"]
[BlackElo "1881"]
[PlyCount "62"]
[EventDate "2019.08.02"]
[EventType "swiss"]
[EventRounds "9"]
[EventCountry "SVK"]
[SourceTitle "EXT 2020"]
[Source "ChessBase"]
[SourceDate "2019.10.17"]
[SourceVersion "1"]
[SourceVersionDate "2019.10.17"]
[SourceQuality "1"]

1. e4 e5 2. Nf3 Nc6 3. Bb5 a6 4. Ba4 Nf6 5. 0-0 Be7 6. Re1 b5 7. Bb3 d6 8. c3 0-0 9. h3 Na5 10. Bc2 c5 11. d4 Nd7 12. Nbd2 exd4 13. cxd4 Nc6 14. d5 Nce5 15. Nxe5 Nxe5 16. f4 Ng6 17. Nf3 Bh4 18. Nxh4 Qxh4 19. Rf1 f5 20. e5 Bb7 21. exd6 Rad8 22. Be3 c4 23. Qf3 Qf6 24. Qf2 Bxd5 25. Bb6 Rd7 26. Rad1 Bb7 27. Bd4 Qd8 28. Be5 Nh4 29. Kh2 Nxg2 30. Rg1 Nh4 31. Qd4 Nf3+ 0-1

[Event "EU-ch U10"]
[Site "Bratislava"]
[Date "2019.08.08"]
[Round "7"]
[White "Asikainen, Eeli"]
[Black "Salinas Tomas, Daniel"]
[Result "1-0"]
[WhiteElo "1542"]
[BlackElo "1991"]
[PlyCount "93"]
[EventDate "2019.08.02"]
[EventType "swiss"]
[EventRounds "9"]
[EventCountry "SVK"]
[SourceTitle "EXT 2020"]
[Source "ChessBase"]
[SourceDate "2019.10.17"]
[SourceVersion "1"]
[SourceVersionDate "2019.10.17"]
[SourceQuality "1"]

1. e4 c5 2. c3 Nf6 3. e5 Nd5 4. d4 cxd4 5. cxd4 d6 6. exd6 Qxd6 7. Nc3 Nc6 8. Nf3 Bg4 9. Be2 e6 10. h3 Bh5 11. 0-0 Be7 12. a3 0-0 13. Re1 Rfd8 14. Be3 Rac8 15. Rc1 a6 16. Ne4 Qc7 17. Ne5 Bxe2 18. Qxe2 Qb6 19. Nxc6 Rxc6 20. Rxc6 Qxc6 21. Rc1 Qd7 22. Nc5 Bxc5 23. Rxc5 Rc8 24. Qc2 Rxc5 25. dxc5 Qc6 26. Bd4 f6 27. b4 b5 28. Bb2 g6 29. Qe4 Kf7 30. Qf3 Ke7 31. Bxf6+ Kd7 32. Bb2 Ke7 33. Be5 Qe8 34. Qd3 Kd7 35. a4 Kc6 36. axb5+ axb5 37. Qa3 Qc8 38. Qa5 Qb7 39. Qd8 Qd7 40. Qb8 Nxb4 41. Qb6+ Kd5 42. c6 Nxc6 43. Qxb5+ Ke4 44. Qe2+ Kf5 45. g4+ Kg5 46. f4+ Kh4 47. Bf6+ 1-0

[Event "Wch U08"]
[Site "Santiago de Compostela"]
[Date "2018.11.05"]
[Round "2"]
[White "Asikainen, Eeli"]
[Black "Nurgaliyev, Sauat"]
[Result "0-1"]
[WhiteElo "1358"]
[BlackElo "1764"]
[PlyCount "82"]
[EventDate "2018.11.04"]
[EventType "swiss"]
[EventRounds "11"]
[EventCountry "ESP"]
[SourceTitle "EXT 2022"]
[Source "ChessBase"]
[SourceDate "2021.10.06"]
[SourceVersion "1"]
[SourceVersionDate "2021.10.06"]
[SourceQuality "1"]

1. e4 c5 2. c3 Nf6 3. e5 Nd5 4. d4 cxd4 5. cxd4 e6 6. Nf3 b6 7. Nc3 Nxc3 8. bxc3 Qc7 9. Bb2 Be7 10. Bd3 Ba6 11. Bxa6 Nxa6 12. 0-0 0-0 13. Qd3 Nb8 14. Qe4 Nc6 15. Qg4 f5 16. Qg3 Na5 17. Nd2 g5 18. h4 g4 19. h5 Kh8 20. Nb3 Rg8 21. f3 Rg5 22. Bc1 Rxh5 23. fxg4 Rg8 24. Qf3 Rxg4 25. Qa8+ Rg8 26. Qf3 Rh4 27. Nxa5 bxa5 28. Rb1 Rhg4 29. Rf2 Rg3 30. Qb7 Qxc3 31. Bf4 R3g7 32. Bh6 Rg6 33. Qxd7 Qh3 34. Qb7 Rxh6 35. g3 Rxg3+ 36. Rg2 Rxg2+ 37. Qxg2 Rg6 38. Qxg6 Qe3+ 39. Kh1 hxg6 40. Rb8+ Kg7 41. Rb3 Qxd4 0-1